Invernales: hoy he salido al campo
Guardado en:
| Autor principal: | |
|---|---|
| Formato: | Libro |
| Lenguaje: | Undetermined |
| Publicado: |
España
Ayuntamiento de Alcalá La Real
1985
|
| Materias: | |
| Etiquetas: |
Agregar Etiqueta
Sin Etiquetas, Sea el primero en etiquetar este registro!
|
MARC
| LEADER | 00000nam a2200000Ia 4500 | ||
|---|---|---|---|
| 008 | 170316s9999 xx 000 0 und d | ||
| 040 | |a cru BVZT | ||
| 090 | |a 862 C-21i | ||
| 100 | |a Casado Mozo, Miguel y Sánchez-Cañete, Carmen | ||
| 245 | |a Invernales: |b hoy he salido al campo |c Miguel Casado Mozo ; Carmen Sánchez-Cañete | ||
| 260 | |a España |b Ayuntamiento de Alcalá La Real |c 1985 | ||
| 300 | |a 83 páginas | ||
| 650 | |a LITERATURA ESPAÑOLA | ||
| 942 | |c 15 D | ||
| 999 | |c 9626 |d 9626 | ||
